Alphabet Lore Quiz - Statistics

General Stats
  • This quiz has been taken 773 times
  • The average score is 12 of 16
Answer Stats
Hint Answer % Correct
Considered to be the main antagonist (villain)* F
93%
Dies during the battle with F C
85%
The first letter to get captured by F* D
84%
Is used by F to kill J* I
84%
The second letter to get captured by F* E
83%
Can fly (not counting the superhero team) K/B
83%
Considered to be the main protagonist (hero)* N
83%
Bullied F as a child L
82%
Gets eaten by F* R/S
81%
Also known as the planet all the letters live on Z
79%
Best friend of the above O
72%
The first word A makes CAB
63%
Superhero team LMNOP
62%
The second word A makes MAP
60%
The third word A makes VAN
51%
Secret word FRIENDS
43%
No matching quizzes found
Score Distribution
Percent of People with Each Score
Percentile by Number Answered
Your Score History
You have not taken this quiz